000 00382nam a2200109Ia 4500
008 171204s9999 xx 000 0 und d
245 _aHuman Growth and Development Across the Lifespan: Applications for Counselors
245 _cDavid Capuzzi and Mark D. Stauffer
260 _c2016
650 _xAdvanced Human Development
856 _uhttp://down.ebook777.com/052/9781118984727.pdf
999 _c346877
_d346877